Valtioita satelliittikuvien mukaan #2 - Statistics

Yleistilastot
  • Tätä visaa on pelattu 1 346 kertaa
  • Keskiarvotulos 9 / 16
Vastaustilastot
Kuvavisa Vastaus % Oikein
Egypti
95%
Suomi
94%
Kypros
90%
Etelä-Afrikka
89%
Kuuba
74%
Iran
71%
Nepal
57%
Alankomaat
56%
Israel
51%
Pohjois-Korea
46%
Bangladesh
45%
Ecuador
43%
Kuwait
40%
Singapore
39%
Bahrain
37%
Guinea-Bissau
20%
Ehtoja vastaavia visoja ei löytynyt
Tulosjakauma
Jokaisen tuloksen saaneiden osuus
Persentiili vastausten määrän mukaan
Tuloshistoriasi
Et ole pelannut tätä visaa